History of functional analysis
Guardat en:
| Autor principal: | |
|---|---|
| Format: | Llibre |
| Idioma: | anglès |
| Publicat: |
Amsterdam
North-Holland
1981
|
| Col·lecció: | North--Holland Mathematics Studies, 49
|
| Matèries: | |
| Etiquetes: |
Afegir etiqueta
Sense etiquetes, Sigues el primer a etiquetar aquest registre!
|
MARC
| LEADER | 00000nam a2200000 a 4500 | ||
|---|---|---|---|
| 001 | UCP1392 | ||
| 003 | CL-VaPUC | ||
| 008 | 990409e19810000NE |||||||||||||||||eng|d | ||
| 082 | 0 | 4 | |a 515.7 |b DIE |2 21 |
| 100 | 0 | |a Dieudonné, Jean Alexandre |e author |9 427418 | |
| 245 | 1 | 0 | |a History of functional analysis |
| 300 | |a 312 p | ||
| 942 | |c BK | ||
| 945 | |d 19990409 00:00:00 |a crobeson | ||
| 260 | |a Amsterdam |b North-Holland |c 1981 | ||
| 650 | 0 | |a Análisis funcional |9 269993 | |
| 650 | 0 | |a Funciones analíticas |9 270036 | |
| 650 | 0 | |a Historia de las matemáticas |9 265664 | |
| 650 | 7 | |a ECUACIONES DE FUNCIONES LINEALES |2 CL-VaPUC |9 427419 | |
| 650 | 0 | |a Álgebra lineal |9 260445 | |
| 650 | 0 | |a Espacio de Hilbert |9 260141 | |
| 650 | 0 | |a Análisis complejo |9 260214 | |
| 650 | 0 | |a Números complejos |9 270335 | |
| 583 | |a last modification |c 19990409 00:00:00 |k Rodrigo Vera | ||
| 490 | 0 | |a North--Holland Mathematics Studies, 49 | |
| 999 | |c 280073 |d 280071 | ||
| 952 | |0 0 |1 0 |4 0 |6 515_700000000000000_DIE_1981 |7 0 |8 A |9 320070 |a BIBMAT |b BIBMAT |d 2019-11-20 |i 1340379 |o 515.7 DIE 1981 |p 1340379 |r 2025-01-07 |w 2019-11-20 |y BK |k MAT | ||